| 000 | 01037nam a22003017a 4500 | ||
|---|---|---|---|
| 001 | BR6005730 | ||
| 003 | BR-BrBNA | ||
| 005 | 20230928083228.0 | ||
| 007 | ta | ||
| 008 | 230509b bl.||||| |||| 00| 0 por d | ||
| 040 |
_aBR-BrBNA _bpor _cBiblioteca Nacional de Agricultura |
||
| 041 | _a(Por) | ||
| 072 |
_aE10; E30 _b/G514 |
||
| 090 | _ E10 BR6005730 | ||
| 100 | 1 | _aSilva, J.G. da | |
| 110 | 1 |
_aSociedade Brasileira de Economistas Rurais, Rio de Janeiro, GB _99689 |
|
| 111 | 1 |
_a5. Reuniao da Sociedade Brasileira de Economistas Rurais _cRio de Janeiro, GB (Brazil) _d21 Feb 1967 |
|
| 245 | 1 | _aBases de uma politica agricola favoravel ao desenvolvimento economico do Brasil. Problemas de carater geral. Reforma agraria | |
| 260 | 3 |
_aRio de Janeiro, GB (Brasil): _c1967. |
|
| 300 | _a27 p. | ||
| 500 | _aSummary (Eng); 38 ref. | ||
| 650 | _aMacroeconomia | ||
| 650 | _aDesenvolvimento agricola | ||
| 650 | _aReforma agraria | ||
| 650 | _aDesenvolvimento economico | ||
| 909 |
_a202309 _bLucia _c55 _dLucia Elande |
||
| 942 | _cBK | ||
| 999 |
_c12274 _d12274 |
||